|
|
|
|
| LEADER |
02871nam a2200745 4500 |
| 001 |
ocn910936311 |
| 003 |
OCoLC |
| 005 |
20170124070238.8 |
| 006 |
m o d |
| 007 |
cr ||||||||||| |
| 008 |
150609s2015 nju ob 001 0 eng |
| 010 |
|
|
|a 2015022894
|
| 040 |
|
|
|a DLC
|b eng
|e rda
|c DLC
|d OCLCF
|d N$T
|d IDEBK
|d YDXCP
|d DG1
|d CDX
|d IAI
|d TEFOD
|d EBLCP
|d DEBSZ
|d DEBBG
|d KSU
|d MERUC
|d GrThAP
|
| 019 |
|
|
|a 922725653
|a 924634460
|
| 020 |
|
|
|a 9781118971826
|q electronic bk.
|
| 020 |
|
|
|a 1118971825
|q electronic bk.
|
| 020 |
|
|
|a 9781118971819
|q electronic bk.
|
| 020 |
|
|
|a 1118971817
|q electronic bk.
|
| 020 |
|
|
|z 9781118971802 (cloth)
|
| 020 |
|
|
|z 9781119154273
|
| 020 |
|
|
|z 1119154278
|
| 020 |
|
|
|z 1118971809
|
| 029 |
1 |
|
|a AU@
|b 000056417313
|
| 029 |
1 |
|
|a AU@
|b 000056747899
|
| 029 |
1 |
|
|a GBVCP
|b 838919545
|
| 029 |
1 |
|
|a DEBBG
|b BV043625933
|
| 029 |
1 |
|
|a DEBSZ
|b 473871998
|
| 029 |
1 |
|
|a DEBBG
|b BV043397875
|
| 035 |
|
|
|a (OCoLC)910936311
|z (OCoLC)922725653
|z (OCoLC)924634460
|
| 037 |
|
|
|a 8095E042-10F7-49EA-AD15-53B83CFFA19F
|b OverDrive, Inc.
|n http://www.overdrive.com
|
| 042 |
|
|
|a pcc
|
| 050 |
0 |
0 |
|a TS171
|
| 072 |
|
7 |
|a BUS
|x 082000
|2 bisacsh
|
| 072 |
|
7 |
|a BUS
|x 041000
|2 bisacsh
|
| 072 |
|
7 |
|a BUS
|x 042000
|2 bisacsh
|
| 072 |
|
7 |
|a BUS
|x 085000
|2 bisacsh
|
| 082 |
0 |
0 |
|a 658.5/752
|2 23
|
| 049 |
|
|
|a MAIN
|
| 130 |
0 |
|
|a Design thinking (2015)
|
| 245 |
1 |
0 |
|a Design thinking :
|b new product development essentials from the PDMA /
|c edited by Michael Luchs, Scott Swan, Abbie Griffin.
|
| 264 |
|
1 |
|a Hoboken, New Jersey :
|b John Wiley & Sons Inc.,
|c [2015]
|
| 300 |
|
|
|a 1 online resource.
|
| 336 |
|
|
|a text
|b txt
|2 rdacontent
|
| 337 |
|
|
|a computer
|b n
|2 rdamedia
|
| 338 |
|
|
|a online resource
|b nc
|2 rdacarrier
|
| 504 |
|
|
|a Includes bibliographical references and index.
|
| 588 |
|
|
|a Description based on print version record and CIP data provided by publisher.
|
| 650 |
|
0 |
|a Product design.
|
| 650 |
|
0 |
|a Critical thinking.
|
| 650 |
|
0 |
|a Creative ability in business.
|
| 650 |
|
7 |
|a Creative ability in business.
|2 fast
|0 (OCoLC)fst00882438
|
| 650 |
|
7 |
|a Critical thinking.
|2 fast
|0 (OCoLC)fst00883692
|
| 650 |
|
7 |
|a Product design.
|2 fast
|0 (OCoLC)fst01763003
|
| 650 |
|
7 |
|a BUSINESS & ECONOMICS / Industrial Management
|2 bisacsh
|
| 650 |
|
7 |
|a BUSINESS & ECONOMICS / Management
|2 bisacsh
|
| 650 |
|
7 |
|a BUSINESS & ECONOMICS / Management Science
|2 bisacsh
|
| 650 |
|
7 |
|a BUSINESS & ECONOMICS / Organizational Behavior
|2 bisacsh
|
| 655 |
|
4 |
|a Electronic books.
|
| 700 |
1 |
|
|a Luchs, Michael,
|d 1968-
|
| 700 |
1 |
|
|a Swan, Scott,
|d 1962-
|
| 700 |
1 |
|
|a Griffin, Abbie.
|
| 710 |
2 |
|
|a Product Development & Management Association.
|
| 776 |
0 |
8 |
|i Print version:
|d Hoboken, New Jersey : John Wiley & Sons Inc., [2015]
|z 9781118971802
|w (DLC) 2015021569
|
| 856 |
4 |
0 |
|u https://doi.org/10.1002/9781119154273
|z Full Text via HEAL-Link
|
| 994 |
|
|
|a 92
|b DG1
|